| 000 | 00483nam a2200157 4500 | ||
|---|---|---|---|
| 001 | 116134 | ||
| 003 | ES-MaACL | ||
| 005 | 20230906190637.0 | ||
| 007 | t| | ||
| 008 | 061121s1981 sp r ||||1| spa d | ||
| 100 | 0 |
_aParís Eguilaz, Higinio. _989148 |
|
| 245 | 1 | 0 |
_a50 años de economía española 1930-1980 / _cpor Higinio Paris Eguilaz. |
| 260 |
_aMadrid : _b[s.n.], _c1981 ( _fJ. Sánchez de Ocaña, Imp.) |
||
| 300 |
_a324 p. ; _c24 cm. |
||
| 852 |
_aES-MaACL _jL-1289 _bR.101890 |
||
| 999 |
_c116134 _d116134 |
||